LEADER 00973nam a2200205 i 4500 001 000000183905 003 CaOOAMICUS 005 20091209000000.0 008 091209s1913 it u000 u ita u 013 $a161875 040 $aSeMil$bita 100 1 $aStievano, Innocenzo.$0(OLS)http://semarc/name/67628 245 10$aS. Francesco di Sales :$bvescovo e principe di Ginevra, dottore della Chiesa, catechista. Studio /$cInnocenzo Stievano. 260 $aPadova :$bTipografia del Seminario,$c1913. 300 $a60 p., [1] p. di ritratto ;$c23 cm. 600 04$aFrancesco : di Sales .$0(OLS)http://semarc/subject/787 850 $aSeMil 852 $aSeMil$W1$xVenegono$y1$m3E IV 40$j134601$B134601$CSeMilBibl$Z2$F146229 $81 996 $6245$aS. Francesco di Sales :$bvescovo e principe di Ginevra, dottore della Chiesa, catechista. Studio$9(OLS)http://semarc/title/263925 996 $6260$aPadova :$bTipografia del Seminario$9(OLS)http://semarc/publisher/33223